000 00283nam a22001337a 4500
008 170810b xxu||||| |||| 00| 0 eng d
020 _a9780735709706
041 _aeng
080 _a004
100 _a35
101 _aSHKI
245 _aPHP FUNCTIONS
_cGREANT, Z
942 _2udc
_cBK
999 _c23132
_d23132